000 01219nam a2200217Ia 4500
999 _c56218
_d56218
001 23319
003 GE_BSU
005 20251222151037.0
008 181216s||||||||xx |||||||||||||| ||und||
040 _cGE_BSU
080 _a94(100)"1918/..."(075.8)
100 _aნანიტაშვილი, ნ.
_91456
245 _aსაზღვარგარეთის ქვეყნების უახლესი ისტორია. ნაწ. 2 : 1945-1974 წწ.. ნაკვ. 1 :
_bდამხმ. სახელმძღვ. პედ. ინ-ტების არასპეციალური ფაკ-ტების სტუდენტებისათვის /
_cნ. ნანიტაშვილი ; რედ. შ. მეგრელიძე.
264 _aთბილისი :
_bგანათლება,
_c1976.
300 _a440 გვ. ;
_c27 სმ.
541 _h1ლ. 72თ.
653 _aსაზღვარგარეთის ქვეყნების უახლესი ისტორია
653 _aუახლესი ისტორია
700 _aმეგრელიძე, შ.
_eრედაქტორი
_926532
942 _cBK
_2udc